Temas de química / (Record no. 75247)
[ view plain ]
| 000 -LEADER | |
|---|---|
| campo de control de longitud fija | 00515nam a2200169 i 4500 |
| 001 - NÚMERO DE CONTROL | |
| campo de control | 75247 |
| 003 - IDENTIFICADOR DE NÚMERO DE CONTROL | |
| campo de control | ES-MaACL |
| 005 - FECHA Y HORA DE LA ÚLTIMA TRANSACCIÓN | |
| campo de control | 20230906172401.0 |
| 007 - CAMPO FIJO DE DESCRIPCIÓN FÍSICA--INFORMACIÓN GENERAL | |
| campo de control de longitud fija | t| |
| 008 - DATOS DE LONGITUD FIJA--INFORMACIÓN GENERAL | |
| campo de control de longitud fija | 040923s1969 sp ||||1| spa d |
| 100 1# - ENTRADA PRINCIPAL--NOMBRE DE PERSONA | |
| Nombre de persona | Granja Alonso, Manuel de la. |
| 9 (RLIN) | 59643 |
| 245 10 - MENCIÓN DEL TÍTULO | |
| Título | Temas de química / |
| Mención de responsabilidad, etc. | por Manuel de la Granja Alonso. |
| 250 ## - MENCION DE EDICION | |
| Mención de edición | [1ª ed.]. |
| 260 ## - PUBLICACIÓN, DISTRIBUCIÓN, ETC. | |
| Lugar de publicación, distribución, etc. | Madrid : |
| Nombre del editor, distribuidor, etc. | Alhambra, |
| Fecha de publicación, distribución, etc. | [1969] ( |
| Lugar de fabricación/manufactura | Bilbao : |
| Fabricante | El Noticiero Bilbaíno) |
| 300 ## - DESCRIPCIÓN FÍSICA | |
| Extensión | XVI, 636 p. : |
| Otras características físicas | il. ; |
| Dimensiones | 21 cm. |
| 852 ## - LOCALIZACIÓN | |
| Ubicación | ES-MaACL |
| Número de control de estantería | C-38769 |
| Sublocalización o colección | R.70510 |
| Estatus retirado | Estado de pérdida | Estado de daño | No para préstamo | Biblioteca de origen | Biblioteca actual | Ubicación en estantería | Fecha de adquisición | Fuente de adquisición | Total de préstamos | Signatura topográfica completa | Código de barras | Visto por última vez | Precio de reemplazo | Tipo de ítem Koha |
|---|---|---|---|---|---|---|---|---|---|---|---|---|---|---|
| Biblioteca del Ateneo de Madrid | Biblioteca del Ateneo de Madrid | Depósito 2 | 17/01/2008 | C-38769 | 1078759 | 23/02/2023 | 23/02/2023 | Libro impreso |
